00233nam a2200085Ia 450000100070000000500170000700800410002424500720006526000100013764237820250826153525.0250824s9999 xx 000 0 und d 0aParbat Dağının Esrarı Gökkuş Diz cGülten Dayıoğlu bALTIN